High-performance communication networks / (Record no. 192434)
[ view plain ]
| 000 -LEADER | |
|---|---|
| fixed length control field | 00805nam a2200241Ia 4500 |
| 005 - DATE AND TIME OF LATEST TRANSACTION | |
| control field | 20230224102505.0 |
| 008 - FIXED-LENGTH DATA ELEMENTS--GENERAL INFORMATION | |
| fixed length control field | 210716s2011 xx 000 0 und d |
| 020 ## - INTERNATIONAL STANDARD BOOK NUMBER | |
| International Standard Book Number | 9788181476524 |
| 040 ## - CATALOGING SOURCE | |
| Transcribing agency | AIMIT LIBRARY |
| 041 ## - LANGUAGE CODE | |
| Language code of text/sound track or separate title | eng |
| 082 ## - DEWEY DECIMAL CLASSIFICATION NUMBER | |
| Classification number | 004.65 |
| Edition number | 2 |
| Item number | WALJ |
| 100 ## - MAIN ENTRY--PERSONAL NAME | |
| Personal name | Walrand, Jean. |
| 9 (RLIN) | 73178 |
| 245 ## - TITLE STATEMENT | |
| Title | High-performance communication networks / |
| Statement of responsibility, etc. | By Jean Walrand and Pravin Varaiya. |
| 250 ## - EDITION STATEMENT | |
| Edition statement | 2nd ed. |
| 260 ## - PUBLICATION, DISTRIBUTION, ETC. | |
| Place of publication, distribution, etc. | New Delhi : |
| Name of publisher, distributor, etc. | Elsevier India Pvt Ltd , |
| Date of publication, distribution, etc. | 2011. |
| 300 ## - PHYSICAL DESCRIPTION | |
| Extent | xxii,693p. ; |
| Dimensions | 23.5 cm. |
| 650 ## - SUBJECT ADDED ENTRY--TOPICAL TERM | |
| Topical term or geographic name entry element | Network services and layered architectures |
| 9 (RLIN) | 73179 |
| 650 ## - SUBJECT ADDED ENTRY--TOPICAL TERM | |
| Topical term or geographic name entry element | Packet-switched networks |
| 9 (RLIN) | 73180 |
| 650 ## - SUBJECT ADDED ENTRY--TOPICAL TERM | |
| Topical term or geographic name entry element | CIrcuit-switched networks |
| 9 (RLIN) | 73181 |
| 650 ## - SUBJECT ADDED ENTRY--TOPICAL TERM | |
| Topical term or geographic name entry element | Asynchronous transfer mode |
| 9 (RLIN) | 73182 |
| 700 ## - ADDED ENTRY--PERSONAL NAME | |
| Personal name | Varaiya, Pravin. |
| 9 (RLIN) | 73183 |
| 942 ## - ADDED ENTRY ELEMENTS (KOHA) | |
| Source of classification or shelving scheme | Dewey Decimal Classification |
| Koha item type | Book |
| Edition | 2nd |
| Call number prefix | 004.65 WALJ |
| Withdrawn status | Lost status | Source of classification or shelving scheme | Damaged status | Not for loan | Collection code | Home library | Current library | Date acquired | Total Checkouts | Full call number | Barcode | Date last seen | Price effective from | Koha item type | Source of acquisition | Cost, normal purchase price | Inventory number | Cost, replacement price |
|---|---|---|---|---|---|---|---|---|---|---|---|---|---|---|---|---|---|---|
| Dewey Decimal Classification | MCA | St Aloysius Institute of Management & Information Technology | St Aloysius Institute of Management & Information Technology | 07/16/2021 | 004.65 WALJ | MCA03466 | 07/21/2025 | 07/16/2021 | Book | |||||||||
| Dewey Decimal Classification | MCA | St Aloysius Institute of Management & Information Technology | St Aloysius Institute of Management & Information Technology | 07/16/2021 | 004.65 WALJ | MCA03467 | 07/21/2025 | 07/16/2021 | Book | |||||||||
| Dewey Decimal Classification | MCA | St Aloysius Institute of Management & Information Technology | St Aloysius Institute of Management & Information Technology | 004.65 WALJ | MCA08550 | 07/21/2025 | 07/16/2021 | Book | Athulya Books | 425.00 | Billno:ABK505;Bill dt:2008-12-11 | 340.00 | ||||||
| Dewey Decimal Classification | MCA | St Aloysius Institute of Management & Information Technology | St Aloysius Institute of Management & Information Technology | 004.65 WALJ | MCA11942 | 07/21/2025 | 07/16/2021 | Book | Higginbothams Pvt Ltd | 450.00 | Bill no:2219; Bill dt:2012-06-25 | 337.50 |